[Event "DEM U12/U12w 2009"]
[Site "Willingen GER"]
[Date "2009.06.06"]
[Round "11"]
[White "Bajorski, Maria Sophie"]
[Black "Reksten, Anne"]
[Result "1-0"]
[Termination "normal"]
[Board "41"]
[WhiteElo "1485"]
[BlackElo "1176"]
[PlyCount "55"]
[WhiteFideId "24654531"]
[BlackFideId "24692778"]
[EventCountry "GER"]
[EventRounds "11"]
[EventType "swiss"]
[EventDate "2009.05.30"]

1. e4 c6 2. Nc3 d5 3. Nf3 Bg4 4. h3 Bh5 5. exd5 cxd5 6. Bb5+ Nc6 7. g4 Bg6 8.
Ne5 Qd6 9. d4 a6 10. Bxc6+ bxc6 11. Qf3 f6 12. Nxg6 hxg6 13. Be3 e5 14. O-O-O
Ne7 15. Rhe1 e4 16. Qg2 g5 17. f3 Ng6 18. fxe4 Nf4 19. Bxf4 Qxf4+ 20. Kb1 Kf7
21. exd5 Bd6 22. dxc6 Qg3 23. Qd5+ Kg6 24. Ne4 Qf4 25. Nxd6 Rhd8 26. Qf7+ Kh7
27. Nf5 Rg8 28. Qh5# 1-0

[Event "DEM U12/U12w 2009"]
[Site "Willingen GER"]
[Date "2009.06.06"]
[Round "11"]
[White "Gaßmann, Linda"]
[Black "Cech, Tim"]
[Result "1/2-1/2"]
[Termination "normal"]
[Board "42"]
[WhiteElo "1143"]
[BlackElo "1410"]
[PlyCount "80"]
[WhiteFideId "12900451"]
[BlackFideId "1270258"]
[EventCountry "GER"]
[EventRounds "11"]
[EventType "swiss"]
[EventDate "2009.05.30"]

1. e4 e5 2. Nf3 Nf6 3. Nc3 Nc6 4. Bc4 Nxe4 5. Nxe4 d5 6. Bxd5 Qxd5 7. Nc3 Qd8
8. h3 Bb4 9. d3 Be6 10. O-O Qd7 11. Be3 O-O-O 12. Qe2 f6 13. a3 Bd6 14. b4 g5
15. Nh2 Kb8 16. Ne4 Rdf8 17. Nc5 Qc8 18. Nxe6 Qxe6 19. Qg4 Qxg4 20. Nxg4 Rhg8
21. Nh6 Rg6 22. Nf5 Ne7 23. Nxe7 Bxe7 24. Bc5 Bd6 25. Bxd6 cxd6 26. g4 f5 27.
f3 Rgf6 28. a4 Kc7 29. a5 Kc6 30. c4 d5 31. Rad1 fxg4 32. fxg4 Rxf1+ 33. Rxf1
Rxf1+ 34. Kxf1 dxc4 35. dxc4 e4 36. Ke2 Kd6 37. Ke3 Ke5 38. b5 h6 39. c5 Kd5
40. c6 bxc6 1/2-1/2

[Event "DEM U12/U12w 2009"]
[Site "Willingen GER"]
[Date "2009.06.06"]
[Round "11"]
[White "Diederichs, Luise"]
[Black "Behr, Jessica"]
[Result "1/2-1/2"]
[Termination "normal"]
[Board "44"]
[WhiteElo "1209"]
[BlackElo "1053"]
[PlyCount "42"]
[WhiteFideId "24661597"]
[EventCountry "GER"]
[EventRounds "11"]
[EventType "swiss"]
[EventDate "2009.05.30"]

1. d4 d5 2. c4 e6 3. Nc3 Nf6 4. Bg5 Nbd7 5. cxd5 exd5 6. e3 Be7 7. Bd3 O-O 8.
Nge2 c5 9. O-O h6 10. Bf4 Qb6 11. b3 cxd4 12. Nxd4 Nc5 13. Rc1 Nxd3 14. Qxd3
Be6 15. Qb5 Qxb5 16. Ncxb5 Bd7 17. Rc7 Rfb8 18. Rfc1 a6 19. Nd6 Bxd6 20. Bxd6
Rc8 21. Rxc8+ Rxc8 1/2-1/2

[Event "DEM U12/U12w 2009"]
[Site "Willingen GER"]
[Date "2009.06.06"]
[Round "11"]
[White "Böhme, Mathis"]
[Black "Nitzsche, Pia"]
[Result "1-0"]
[Termination "normal"]
[Board "45"]
[WhiteElo "1190"]
[BlackElo "1350"]
[PlyCount "41"]
[WhiteFideId "12900443"]
[BlackFideId "12900370"]
[EventCountry "GER"]
[EventRounds "11"]
[EventType "swiss"]
[EventDate "2009.05.30"]

1. e4 c5 2. d4 cxd4 3. c3 dxc3 4. Nxc3 Nc6 5. Bc4 d6 6. Nf3 Nf6 7. Bg5 g6 8.
O-O Bg7 9. Re1 O-O 10. Qd2 Bd7 11. Rad1 Bg4 12. Qe3 Qc7 13. Bb3 a6 14. h3 Bxf3
15. Qxf3 b5 16. Bxf6 exf6 17. Nd5 Qd8 18. Rc1 Ne5 19. Qe3 Rc8 20. Rxc8 Qxc8 21.
Ne7+ 1-0

[Event "DEM U12/U12w 2009"]
[Site "Willingen GER"]
[Date "2009.06.06"]
[Round "11"]
[White "Weber, Sandra"]
[Black "Paliy, Margaryta"]
[Result "1/2-1/2"]
[Termination "normal"]
[Board "46"]
[WhiteElo "1315"]
[BlackElo "1047"]
[PlyCount "73"]
[WhiteFideId "1270049"]
[BlackFideId "24692417"]
[EventCountry "GER"]
[EventRounds "11"]
[EventType "swiss"]
[EventDate "2009.05.30"]

1. e4 e5 2. Nf3 Nc6 3. Bb5 d6 4. h3 Nf6 5. d3 Bd7 6. c3 Be7 7. O-O O-O 8. Re1
h6 9. Nbd2 Re8 10. Nf1 Nh7 11. d4 Ng5 12. N1h2 exd4 13. cxd4 Bf6 14. d5 Ne5 15.
Bxd7 Qxd7 16. Bxg5 Bxg5 17. Nxe5 Rxe5 18. Nf3 Re7 19. Nxg5 hxg5 20. Re3 c6 21.
Qd3 cxd5 22. Qxd5 Re5 23. Qd4 g4 24. Rd1 Rd8 25. Qxe5 dxe5 26. Rxd7 Rxd7 27.
hxg4 Rd1+ 28. Kh2 Rb1 29. Rb3 b6 30. Rb5 f6 31. Kg3 Kf7 32. a4 Re1 33. f3 Re2
34. a5 bxa5 35. Rxa5 Rxb2 36. Rxa7+ Kg6 37. Rc7 1/2-1/2

[Event "DEM U12/U12w 2009"]
[Site "Willingen GER"]
[Date "2009.06.06"]
[Round "11"]
[White "Wagner, Swenja"]
[Black "Edel, Fenja"]
[Result "0-1"]
[Termination "normal"]
[Board "48"]
[WhiteElo "833"]
[BlackElo "1142"]
[PlyCount "126"]
[WhiteFideId "12900494"]
[BlackFideId "24696749"]
[EventCountry "GER"]
[EventRounds "11"]
[EventType "swiss"]
[EventDate "2009.05.30"]

1. e4 e6 2. d4 d5 3. Nc3 Nf6 4. e5 Nfd7 5. Nf3 c5 6. dxc5 Bxc5 7. Bd3 Nc6 8.
Bf4 Qb6 9. Rb1 Bxf2+ 10. Kf1 Bd4 11. Nxd4 Qxd4 12. Ne2 Qb6 13. Qc1 Ncxe5 14.
Be3 Nxd3 15. cxd3 Qc6 16. Qxc6 bxc6 17. Kf2 Ba6 18. d4 Bxe2 19. Kxe2 Nf6 20.
Rbc1 Kd7 21. Rhf1 Rhf8 22. a3 Rab8 23. b4 Ne4 24. Bf4 Rb7 25. Be5 f6 26. Bg3
Nxg3+ 27. hxg3 Re8 28. Kd3 e5 29. dxe5 Rxe5 30. Rh1 h6 31. Rb1 Rg5 32. Rh3 c5
33. b5 Rg4 34. Rh4 Rxg3+ 35. Kc2 Rxg2+ 36. Kd3 Rg3+ 37. Kc2 Rxa3 38. Kb2 Rxb5+
39. Kxa3 Rxb1 40. Rh5 Ke6 41. Rh2 c4 42. Re2+ Kd6 43. Re8 c3 44. Rf8 c2 45. Ka2
c1=Q 46. Rxf6+ Ke5 47. Rf5+ Ke4 48. Re5+ Kd3 49. Rxd5+ Ke2 50. Re5+ Qe3 51.
Rxe3+ Kxe3 52. Kxb1 h5 53. Kc1 Kf2 54. Kd2 h4 55. Kc3 h3 56. Kb4 h2 57. Ka5
h1=Q 58. Ka6 Qb1 59. Kxa7 Ke3 60. Ka8 Kd4 61. Ka7 Kc5 62. Ka8 Kc6 63. Ka7 Qb7#
0-1

[Event "DEM U12/U12w 2009"]
[Site "Willingen GER"]
[Date "2009.06.06"]
[Round "11"]
[White "Sadjjadi, Anahita"]
[Black "Michels, Kim"]
[Result "0-1"]
[Termination "normal"]
[Board "49"]
[WhiteElo "1010"]
[BlackElo "1349"]
[PlyCount "70"]
[BlackFideId "24690066"]
[EventCountry "GER"]
[EventRounds "11"]
[EventType "swiss"]
[EventDate "2009.05.30"]

1. d4 f5 2. e3 Nf6 3. c3 g6 4. Nf3 Bg7 5. Bd3 O-O 6. Nbd2 d6 7. O-O Qe8 8. b3
e5 9. Bb2 e4 10. Bc4+ d5 11. Be2 exf3 12. Nxf3 Nc6 13. Bb5 a6 14. Bxc6 Qxc6 15.
Ne5 Qd6 16. Rc1 Be6 17. Rc2 Nd7 18. Qc1 Nxe5 19. Ba3 Nd3 20. Bxd6 Nxc1 21. Bxf8
Kxf8 22. Rcxc1 Kg8 23. c4 dxc4 24. bxc4 c6 25. Rfd1 Rd8 26. f3 Bh6 27. d5 Bxe3+
28. Kf1 Bxc1 29. Rxc1 cxd5 30. cxd5 Bxd5 31. Ke1 Bxa2 32. Rc7 Bd5 33. Rc2 b5
34. Rd2 a5 35. Rb2 b4 0-1

[Event "DEM U10/U10w 2009"]
[Site "Willingen GER"]
[Date "2009.05.31"]
[Round "1"]
[White "Sawlin, Leonid"]
[Black "Schulte, Felix"]
[Result "1/2-1/2"]
[Termination "normal"]
[Board "1"]
[WhiteElo "1853"]
[BlackElo "1179"]
[PlyCount "28"]
[WhiteFideId "4689542"]
[BlackFideId "12914800"]
[EventCountry "GER"]
[EventRounds "11"]
[EventType "swiss"]
[EventDate "2009.05.30"]

1. e4 e5 2. Nf3 Nc6 3. d4 exd4 4. Nxd4 Bc5 5. Nb3 Bb6 6. a4 a6 7. Nc3 Nge7 8.
Bc4 O-O 9. O-O d6 10. Re1 Be6 11. Bxe6 fxe6 12. Qg4 Bxf2+ 13. Kf1 Bxe1+ 14.
Kxe1 Rf6 1/2-1/2

[Event "DEM U10/U10w 2009"]
[Site "Willingen GER"]
[Date "2009.05.31"]
[Round "1"]
[White "Kania, Markus"]
[Black "Dürr, Florian"]
[Result "0-1"]
[Termination "normal"]
[Board "2"]
[WhiteElo "1178"]
[BlackElo "1649"]
[PlyCount "104"]
[WhiteFideId "12903736"]
[BlackFideId "24659134"]
[EventCountry "GER"]
[EventRounds "11"]
[EventType "swiss"]
[EventDate "2009.05.30"]

1. d4 e6 2. Nf3 Nf6 3. e3 b6 4. Bd3 Bb7 5. Nbd2 Be7 6. e4 d6 7. O-O c5 8. c3
Nc6 9. Bb5 O-O 10. Bxc6 Bxc6 11. e5 dxe5 12. dxe5 Nd5 13. c4 Nb4 14. a3 Nd3 15.
Qe2 Nxc1 16. Raxc1 Qc7 17. Rcd1 Rad8 18. Ne4 Ba4 19. Rxd8 Rxd8 20. Qe3 Qd7 21.
b3 Bc6 22. a4 Qd3 23. Qxd3 Rxd3 24. Nfd2 Bxe4 25. Nxe4 Rxb3 26. Rd1 Kf8 27. Nd6
Bxd6 28. exd6 Ke8 29. Kf1 Rb4 30. a5 Kd7 31. axb6 axb6 32. Ke2 Rxc4 33. Ke3 Rd4
34. Rxd4 cxd4+ 35. Kxd4 Kxd6 36. f4 f6 37. Kc4 e5 38. fxe5+ fxe5 39. Kd3 Kd5
40. g4 b5 41. h4 b4 42. g5 e4+ 43. Kc2 e3 44. Kc1 b3 45. Kd1 b2 46. Kc2 e2 47.
Kxb2 e1=Q 48. h5 Kc4 49. h6 Qc3+ 50. Ka2 Qb3+ 51. Ka1 Kc3 52. hxg7 Qb2# 0-1

[Event "DEM U10/U10w 2009"]
[Site "Willingen GER"]
[Date "2009.05.31"]
[Round "1"]
[White "Petrashov, Alexander"]
[Black "Scheinhütte, Jakob"]
[Result "1-0"]
[Termination "normal"]
[Board "3"]
[WhiteElo "1613"]
[BlackElo "1174"]
[PlyCount "55"]
[WhiteFideId "24662461"]
[BlackFideId "24693944"]
[EventCountry "GER"]
[EventRounds "11"]
[EventType "swiss"]
[EventDate "2009.05.30"]

1. d4 Nf6 2. c4 g6 3. Nc3 Bg7 4. e4 d6 5. Nf3 O-O 6. Bf4 Nh5 7. Be3 f5 8. exf5
Bxf5 9. h3 Nf6 10. Bd3 Bxd3 11. Qxd3 Nbd7 12. Ng5 Qc8 13. Nce4 Nxe4 14. Qxe4
Nf6 15. Qe6+ Kh8 16. Nf7+ Rxf7 17. Qxf7 Qd7 18. d5 Qa4 19. b3 Qa5+ 20. Bd2 Qc5
21. O-O Ne4 22. Be3 Qa5 23. Qxe7 Bxa1 24. Rxa1 Qc3 25. Rd1 c5 26. dxc6 Qxe3 27.
fxe3 Nc3 28. cxb7 1-0

[Event "DEM U10/U10w 2009"]
[Site "Willingen GER"]
[Date "2009.05.31"]
[Round "1"]
[White "Phenn, Jan-Niklas"]
[Black "Bauer, Björn-Benny"]
[Result "0-1"]
[Termination "normal"]
[Board "4"]
[WhiteElo "1172"]
[BlackElo "1603"]
[PlyCount "72"]
[WhiteFideId "12954985"]
[BlackFideId "24698741"]
[EventCountry "GER"]
[EventRounds "11"]
[EventType "swiss"]
[EventDate "2009.05.30"]

1. d4 Nf6 2. c4 c5 3. e3 g6 4. Nc3 Bg7 5. Nf3 O-O 6. Bd3 d6 7. O-O Nc6 8. h3
Nd7 9. Bc2 a6 10. Re1 Rb8 11. a4 Nb4 12. Bb1 b6 13. Re2 Bb7 14. dxc5 Nxc5 15.
Nd5 Nxd5 16. cxd5 a5 17. e4 Ba6 18. Re1 Re8 19. Ra3 Qd7 20. b3 Rec8 21. Ra2 Rc7
22. Be3 Rbc8 23. Qd2 Rb8 24. Bh6 Bh8 25. Ng5 Nb7 26. Qf4 Bf6 27. Nf3 Rbc8 28.
Bg5 Bh8 29. Qe3 b5 30. axb5 Qxb5 31. Nd4 Qb4 32. Ra4 Bxd4 33. Qd2 Qxd2 34. Bxd2
Bc3 35. Bxc3 Rxc3 36. Ra3 Rc1 0-1

[Event "DEM U10/U10w 2009"]
[Site "Willingen GER"]
[Date "2009.05.31"]
[Round "1"]
[White "Wiesner, Paula"]
[Black "Kempe, Anne"]
[Result "1/2-1/2"]
[Termination "normal"]
[Board "5"]
[WhiteElo "1942"]
[BlackElo "1168"]
[PlyCount "136"]
[WhiteFideId "24654019"]
[BlackFideId "12918083"]
[EventCountry "GER"]
[EventRounds "11"]
[EventType "swiss"]
[EventDate "2009.05.30"]

1. d4 d5 2. c4 c6 3. Nf3 Bf5 4. Nc3 Nf6 5. Bg5 e6 6. cxd5 exd5 7. e3 Be7 8. Bd3
Ne4 9. Bxe7 Qxe7 10. Qc2 O-O 11. O-O Nd7 12. Rab1 Rfe8 13. b4 a6 14. a4 Nxc3
15. Qxc3 Bxd3 16. Qxd3 Qd6 17. Rfc1 Nb6 18. Qc2 Nc4 19. Qd3 b5 20. a5 Ra7 21.
Nd2 Rc7 22. Qc3 Re6 23. Qd3 Rh6 24. h3 Qg6 25. Qxg6 Rxg6 26. Nb3 Kf8 27. Nc5
Ra7 28. Rd1 Ke7 29. Kf1 h6 30. g3 Rf6 31. Ke2 h5 32. Rf1 Kd6 33. e4 Rg6 34. e5+
Kc7 35. Kd3 Ra8 36. Rfe1 Kb8 37. e6 fxe6 38. Rxe6 Rxe6 39. Nxe6 g6 40. Nf4 Kc7
41. Nxg6 Rg8 42. Nh4 Rf8 43. f4 Rg8 44. Nf5 Nd6 45. Nxd6 Rxg3+ 46. Kc2 Kxd6 47.
Rh1 Rf3 48. Rg1 Rxf4 49. Rg6+ Kd7 50. Rg7+ Kd6 51. Rg6+ Kd7 52. Rg7+ Ke6 53.
Rg6+ Rf6 54. Rg3 Kf5 55. Kd3 Rg6 56. Rxg6 Kxg6 57. Ke3 Kg5 58. Kf3 Kf5 59. h4
Kg6 60. Kf4 Kf6 61. Ke3 Kf5 62. Kf3 Kg6 63. Kg3 Kf5 64. Kf3 Kg6 65. Kf4 Kf6 66.
Kg3 Kf5 67. Kf3 Kg6 68. Kg3 Kf5 1/2-1/2

[Event "DEM U10/U10w 2009"]
[Site "Willingen GER"]
[Date "2009.05.31"]
[Round "1"]
[White "Hutton, Jim"]
[Black "Baskin, Robert"]
[Result "1/2-1/2"]
[Termination "normal"]
[Board "6"]
[WhiteElo "1167"]
[BlackElo "1697"]
[PlyCount "67"]
[BlackFideId "24662402"]
[EventCountry "GER"]
[EventRounds "11"]
[EventType "swiss"]
[EventDate "2009.05.30"]

1. e4 e6 2. d4 d5 3. e5 c5 4. c3 Nc6 5. Nf3 Qb6 6. Bd3 Bd7 7. Bc2 cxd4 8. cxd4
Nb4 9. O-O Bb5 10. Ba4 Bxa4 11. Qxa4+ Qc6 12. Qxc6+ Nxc6 13. Nc3 Rc8 14. Bd2
Nge7 15. Rab1 Nf5 16. Be3 Na5 17. Rfe1 Nc4 18. Nb5 a6 19. Na3 Bxa3 20. bxa3 b5
21. Rbc1 O-O 22. Rc3 Nb6 23. Rec1 Nxe3 24. fxe3 Rxc3 25. Rxc3 Rc8 26. Rxc8+
Nxc8 27. Nd2 Nb6 28. e4 dxe4 29. Nxe4 Nc4 30. Nc5 a5 31. a4 b4 32. Kf2 Kf8 33.
Nb3 Ke7 34. Ke2 1/2-1/2

[Event "DEM U10/U10w 2009"]
[Site "Willingen GER"]
[Date "2009.05.31"]
[Round "1"]
[White "Paulsen, Alexej"]
[Black "Hermann, Tobias"]
[Result "1/2-1/2"]
[Termination "normal"]
[Board "7"]
[WhiteElo "1549"]
[BlackElo "1161"]
[PlyCount "63"]
[WhiteFideId "24662372"]
[BlackFideId "12903701"]
[EventCountry "GER"]
[EventRounds "11"]
[EventType "swiss"]
[EventDate "2009.05.30"]

1. e4 e5 2. Nf3 Nc6 3. Bb5 d6 4. d4 exd4 5. Nxd4 Bd7 6. Nc3 Nf6 7. O-O Be7 8.
Be3 O-O 9. Re1 Nxd4 10. Bxd7 Nxc2 11. Qxc2 Qxd7 12. Rad1 Qc6 13. Qb3 Rfd8 14.
Rc1 Qd7 15. Qxb7 Rab8 16. Qa6 Rxb2 17. a4 c5 18. Rb1 Rdb8 19. Rxb2 Rxb2 20. Nb5
Nxe4 21. Qxa7 Qxa7 22. Nxa7 Ra2 23. Nc6 Bf8 24. f3 Rxa4 25. fxe4 Rxe4 26. Kf2
Re6 27. Bd2 Rxe1 28. Bxe1 f6 29. Ke3 Kf7 30. Ke4 Ke6 31. g4 d5+ 32. Kd3 1/2-1/2

[Event "DEM U10/U10w 2009"]
[Site "Willingen GER"]
[Date "2009.05.31"]
[Round "1"]
[White "Reuker, Jari"]
[Black "Ovsepyan, Arshak"]
[Result "0-1"]
[Termination "normal"]
[Board "8"]
[WhiteElo "1147"]
[BlackElo "1863"]
[PlyCount "136"]
[WhiteFideId "12909300"]
[BlackFideId "24690236"]
[EventCountry "GER"]
[EventRounds "11"]
[EventType "swiss"]
[EventDate "2009.05.30"]

1. c4 c6 2. Nc3 d5 3. cxd5 cxd5 4. d4 Nf6 5. Nf3 g6 6. Bf4 a6 7. g3 Bg7 8. Bg2
Nc6 9. O-O O-O 10. Nd2 Nxd4 11. e4 dxe4 12. Ndxe4 Nxe4 13. Nxe4 e5 14. Bg5 f6
15. Be3 Nb5 16. Qb3+ Kh8 17. Rfd1 Qe8 18. Bc5 Rg8 19. Nd6 Nxd6 20. Rxd6 Bf8 21.
Rd5 Be6 22. Qxb7 Bxd5 23. Bxd5 Bxc5 24. Bxg8 Qxg8 25. Qc6 Be7 26. Rd1 Qc8 27.
Qd5 Qd8 28. Qb3 Qc7 29. Qe6 Rd8 30. Rxd8+ Bxd8 31. Qxa6 Qb6 32. Qxb6 Bxb6 33.
Kf1 Kg7 34. Ke2 Kf7 35. f3 Ke6 36. b4 Kd5 37. Kd3 f5 38. a4 e4+ 39. fxe4+ fxe4+
40. Kc3 e3 41. Kd3 h5 42. a5 Bd4 43. b5 Kc5 44. b6 Kc6 45. h3 g5 46. h4 g4 47.
Ke2 Kb7 48. Kd3 Ka6 49. Ke2 Bc5 50. Kd3 Kxa5 51. b7 Ba7 52. b8=Q Bxb8 53. Kxe3
Bxg3 54. Ke2 Bxh4 55. Kf1 Bg5 56. Kg2 h4 57. Kh2 g3+ 58. Kh3 Kb4 59. Kg2 Kc3
60. Kh3 Kd2 61. Kg2 Ke2 62. Kh1 h3 63. Kg1 Be3+ 64. Kh1 g2+ 65. Kh2 g1=Q+ 66.
Kxh3 Bf4 67. Kh4 Qg3+ 68. Kh5 Qg5# 0-1

[Event "DEM U10/U10w 2009"]
[Site "Willingen GER"]
[Date "2009.05.31"]
[Round "1"]
[White "Reimers, Juri"]
[Black "Berdin, Victoria"]
[Result "1-0"]
[Termination "normal"]
[Board "9"]
[WhiteElo "1503"]
[BlackElo "1137"]
[PlyCount "71"]
[WhiteFideId "24661511"]
[EventCountry "GER"]
[EventRounds "11"]
[EventType "swiss"]
[EventDate "2009.05.30"]

1. e4 e5 2. Nf3 d6 3. d4 exd4 4. Nxd4 Nc6 5. Bb5 Bd7 6. O-O Be7 7. Nc3 Nf6 8.
Nxc6 Bxc6 9. Bxc6+ bxc6 10. Be3 O-O 11. Bd4 Qd7 12. e5 Nd5 13. exd6 Nxc3 14.
Bxc3 cxd6 15. Qd4 Bf6 16. Qd3 Bxc3 17. Qxc3 Rfe8 18. Rad1 Rab8 19. b3 Rb5 20.
Rfe1 Rxe1+ 21. Qxe1 Re5 22. Qxe5 dxe5 23. Rxd7 f6 24. Rxa7 Kf8 25. a4 Ke8 26.
a5 Kd8 27. Rb7 Kc8 28. a6 g5 29. Rb4 Kc7 30. a7 Kc8 31. a8=Q+ Kc7 32. Qb8+ Kd7
33. Rb7+ Ke6 34. Qc7 Kf5 35. Qd7+ Kg6 36. Qxh7# 1-0

[Event "DEM U10/U10w 2009"]
[Site "Willingen GER"]
[Date "2009.05.31"]
[Round "1"]
[White "Fieberg, Samuel"]
[Black "Greßmann, Moritz"]
[Result "1/2-1/2"]
[Termination "normal"]
[Board "10"]
[WhiteElo "1125"]
[BlackElo "1500"]
[PlyCount "76"]
[WhiteFideId "12901717"]
[BlackFideId "24695084"]
[EventCountry "GER"]
[EventRounds "11"]
[EventType "swiss"]
[EventDate "2009.05.30"]

1. e4 e5 2. Nf3 Nc6 3. Bc4 Nf6 4. Ng5 d5 5. exd5 Na5 6. Bb5+ c6 7. dxc6 bxc6 8.
Qf3 Bb7 9. Ba4 Qc7 10. d3 Bd6 11. Be3 O-O 12. Ne4 Nxe4 13. dxe4 c5 14. Qg4 Kh8
15. Nc3 Nc4 16. O-O Nxb2 17. Bb3 c4 18. Ba4 Qa5 19. Nb5 Qxa4 20. Nxd6 Qc6 21.
Nf5 Qg6 22. Qxg6 fxg6 23. Ng3 c3 24. f3 Nc4 25. Bc1 Rad8 26. Re1 Rc8 27. Rb1
Ba6 28. Rb4 Rb8 29. Rxb8 Rxb8 30. Ne2 Rc8 31. Nxc3 Na3 32. Bxa3 Rxc3 33. Rd1 h5
34. Bb4 Rxc2 35. Rd7 Rxa2 36. Rxa7 Ra1+ 37. Kf2 Rf1+ 38. Kg3 Bc4 1/2-1/2

[Event "DEM U10/U10w 2009"]
[Site "Willingen GER"]
[Date "2009.05.31"]
[Round "1"]
[White "von Reppert, Marc"]
[Black "Scholz, Robert"]
[Result "0-1"]
[Termination "normal"]
[Board "12"]
[WhiteElo "1111"]
[BlackElo "1497"]
[PlyCount "124"]
[WhiteFideId "12918130"]
[BlackFideId "1270301"]
[EventCountry "GER"]
[EventRounds "11"]
[EventType "swiss"]
[EventDate "2009.05.30"]

1. d4 d5 2. c4 dxc4 3. Nc3 e6 4. e3 Nf6 5. Bxc4 c5 6. Nf3 cxd4 7. Qxd4 Bd7 8.
O-O Nc6 9. Qd3 Bc5 10. a3 a5 11. Bb5 O-O 12. Qc4 Ba7 13. Rd1 Qe7 14. e4 Rac8
15. Qd3 Rfd8 16. e5 Ng4 17. Be3 Bxe3 18. fxe3 Ngxe5 19. Qe4 Nxf3+ 20. Qxf3 h6
21. Bd3 Be8 22. Qe4 f5 23. Qf4 Qc7 24. Qc4 Bf7 25. Qb3 Ne5 26. Be2 Rxd1+ 27.
Rxd1 Nc4 28. Nb5 Qc5 29. Bxc4 Qxc4 30. Qxc4 Rxc4 31. Nd6 Rc7 32. Rd4 Bh5 33. h3
Bg6 34. Nb5 Rc2 35. Ra4 Rxb2 36. Rxa5 Be8 37. Ra8 Rxb5 38. Rxe8+ Kf7 39. Ra8
Rb6 40. Rc8 Kf6 41. Kf2 Ra6 42. Rc3 Rc6 43. Rb3 Rc7 44. Rd3 Ke7 45. Ke2 Rc2+
46. Kf1 g5 47. Rd4 Rc3 48. Rb4 Rxa3 49. Rxb7+ Kf6 50. Kf2 Ra2+ 51. Kg3 Ra4 52.
Rb5 f4+ 53. Kf3 Ra3 54. Kf2 Rxe3 55. Rb2 Kf5 56. Re2 Rxe2+ 57. Kxe2 e5 58. Kf3
e4+ 59. Kf2 g4 60. Ke2 f3+ 61. Kf2 gxh3 62. gxf3 e3+ 0-1

[Event "DEM U10/U10w 2009"]
[Site "Willingen GER"]
[Date "2009.05.31"]
[Round "1"]
[White "Lagunow, Raphael"]
[Black "Nguyen, Anh Van"]
[Result "1-0"]
[Termination "normal"]
[Board "13"]
[WhiteElo "1491"]
[BlackElo "1095"]
[PlyCount "61"]
[WhiteFideId "24652644"]
[BlackFideId "12908223"]
[EventCountry "GER"]
[EventRounds "11"]
[EventType "swiss"]
[EventDate "2009.05.30"]

1. e4 e5 2. Nf3 Nf6 3. Nxe5 d6 4. Nf3 Nxe4 5. d3 Nf6 6. Be2 Bf5 7. O-O Nc6 8.
Nc3 Be7 9. Bf4 O-O 10. Re1 d5 11. Qd2 Bb4 12. a3 Bc5 13. Bg5 h6 14. Bxf6 Qxf6
15. Nxd5 Qd6 16. Ne3 Bg6 17. Rad1 Rfe8 18. b4 Qe6 19. bxc5 Rad8 20. d4 Qf6 21.
Bc4 Be4 22. Qe2 Qg6 23. c3 Na5 24. Bd3 Bxf3 25. Qxf3 Qg5 26. Qf5 Qxf5 27. Nxf5
Rf8 28. Ne7+ Kh8 29. d5 Nb3 30. Bc4 Nxc5 31. d6 1-0

[Event "DEM U10/U10w 2009"]
[Site "Willingen GER"]
[Date "2009.05.31"]
[Round "1"]
[White "Richardt, Angelina"]
[Black "Kollars, Dmitrij"]
[Result "0-1"]
[Termination "normal"]
[Board "14"]
[WhiteElo "1094"]
[BlackElo "1465"]
[PlyCount "66"]
[WhiteFideId "12938149"]
[BlackFideId "12909572"]
[EventCountry "GER"]
[EventRounds "11"]
[EventType "swiss"]
[EventDate "2009.05.30"]

1. e4 c5 2. Nc3 Nc6 3. Nge2 Nf6 4. g3 g6 5. d3 Bg7 6. Be3 d6 7. Qd2 O-O 8. Bh6
Bd7 9. O-O-O Rb8 10. h4 Bxh6 11. Qxh6 Ng4 12. Qf4 e5 13. Qf3 f5 14. Bh3 fxe4
15. Qg2 Nxf2 16. Rde1 Bxh3 17. Rxh3 Nxh3 18. Qxh3 Qc8 19. Qh2 exd3 20. cxd3 Qf5
21. Ne4 Nb4 22. Kd2 Nxd3 23. Kxd3 Qf3+ 24. Kd2 Qxe4 25. Nc3 Qd4+ 26. Kc2 Rf2+
27. Qxf2 Qxf2+ 28. Re2 Qf5+ 29. Re4 d5 30. Nxd5 Qxe4+ 31. Kc3 Qxd5 32. h5 Qd4+
33. Kc2 Rd8 0-1

[Event "DEM U10/U10w 2009"]
[Site "Willingen GER"]
[Date "2009.05.31"]
[Round "1"]
[White "Riehle, Marco"]
[Black "Krüger, David"]
[Result "0-1"]
[Termination "normal"]
[Board "15"]
[WhiteElo "1442"]
[BlackElo "1094"]
[PlyCount "148"]
[WhiteFideId "12904392"]
[BlackFideId "12921858"]
[EventCountry "GER"]
[EventRounds "11"]
[EventType "swiss"]
[EventDate "2009.05.30"]

1. e4 e5 2. Nf3 Nf6 3. d4 exd4 4. Bc4 Nc6 5. e5 Ne4 6. Qe2 Nc5 7. O-O Be7 8.
Rd1 Ne6 9. Bxe6 fxe6 10. Nxd4 Nxd4 11. Rxd4 O-O 12. Bf4 b6 13. Qd2 Bc5 14. Rd3
Qh4 15. Bg3 Qg4 16. h3 Qg6 17. b4 Be7 18. Nc3 Bxb4 19. Rd4 Bc5 20. Rg4 Qf7 21.
Bh4 d6 22. Bf6 g6 23. Ne4 dxe5 24. Bxe5 Be7 25. Rf4 Qe8 26. Rxf8+ Qxf8 27. Bxc7
Bb7 28. Nd6 Bd5 29. Nb5 Qg7 30. Re1 Bf6 31. a3 a6 32. Qf4 axb5 33. Bxb6 Rxa3
34. Qb8+ Qf8 35. Qxf8+ Kxf8 36. Bc5+ Be7 37. Bxa3 Bxa3 38. g3 Kf7 39. f4 Bc5+
40. Kf1 Kf6 41. Ke2 Bg2 42. h4 Ba3 43. Kf2 Bh3 44. Kf3 h5 45. Re5 Bg4+ 46. Ke3
b4 47. Ra5 Bc1+ 48. Kf2 Bf5 49. Ra4 Ba3 50. c3 Bc2 51. Rxb4 Bxb4 52. cxb4 Be4
53. b5 Kf5 54. Ke3 Bd5 55. b6 Kg4 56. Kd4 Kxg3 57. Ke5 Kxh4 58. Kf6 Kg4 59.
Kxg6 h4 60. Kf6 h3 61. Ke5 h2 62. f5 exf5 63. Kxd5 h1=Q+ 64. Kd6 Qb7 65. Kc5 f4
66. Kb5 f3 67. Ka5 f2 68. Kb5 f1=Q+ 69. Ka5 Qfa6+ 70. Kb4 Qbxb6+ 71. Kc3 Qa4
72. Kd3 Qbb3+ 73. Kd2 Qaa2+ 74. Ke1 Qbb1# 0-1

[Event "DEM U10/U10w 2009"]
[Site "Willingen GER"]
[Date "2009.05.31"]
[Round "1"]
[White "Schirmer, Christoph"]
[Black "Brandl, Lea Maria"]
[Result "0-1"]
[Termination "normal"]
[Board "16"]
[WhiteElo "1092"]
[BlackElo "1438"]
[PlyCount "56"]
[BlackFideId "24693049"]
[EventCountry "GER"]
[EventRounds "11"]
[EventType "swiss"]
[EventDate "2009.05.30"]

1. e4 c5 2. Nc3 Nc6 3. d3 d6 4. Be3 Nf6 5. f3 e6 6. Nge2 d5 7. Bg5 d4 8. Nb5
Qa5+ 9. Qd2 Qxb5 10. Rb1 Be7 11. Bxf6 Bxf6 12. Nf4 O-O 13. Be2 Bg5 14. e5 Nxe5
15. g3 Nc6 16. Qd1 Qa5+ 17. Kf2 e5 18. Nh5 g6 19. f4 Be7 20. g4 gxh5 21. gxh5
Bh4+ 22. Kg2 Be6 23. Bf3 exf4 24. Rg1 Kh8 25. Kh1 Bh3 26. h6 Rae8 27. Be4 f5
28. Bxf5 Rxf5 0-1

[Event "DEM U10/U10w 2009"]
[Site "Willingen GER"]
[Date "2009.05.31"]
[Round "1"]
[White "Hemprich, Iustus"]
[Black "Walker, Julia"]
[Result "1-0"]
[Termination "normal"]
[Board "17"]
[WhiteElo "1420"]
[BlackElo "1066"]
[PlyCount "41"]
[BlackFideId "1271852"]
[EventCountry "GER"]
[EventRounds "11"]
[EventType "swiss"]
[EventDate "2009.05.30"]

1. e4 e5 2. Nf3 Nc6 3. d4 exd4 4. Bc4 Bc5 5. c3 Nf6 6. O-O O-O 7. cxd4 Bb4 8.
a3 Ba5 9. b4 Bb6 10. Nc3 Re8 11. Re1 Nxe4 12. Qb3 Nd6 13. Bg5 Rxe1+ 14. Rxe1
Qf8 15. d5 Nxc4 16. dxc6 Nd6 17. Be7 Qe8 18. Bxd6 Qd8 19. Re7 Qf8 20. Re1 Qxd6
21. Re8+ 1-0